000 00303nam a22001337a 4500
082 _a825
_bJAM/A
100 _aJAMES,RAHUL
245 _aTHE ART OF PUBLIC SPEAKING
250 _aFIRST
260 _aKOZHIKODE
_bDRONACHARYA PUBLICATIONS
_c2014
300 _a544
650 _aSPEECHES
_zKERALA
942 _cBK
999 _c3677
_d3677